书目信息 |
| 题名: |
供配电系统
|
|
| 作者: | 赵彩虹 主编 | |
| 分册: | ||
| 出版信息: | 北京 中国电力出版社 2009.08 |
|
| 页数: | 261页 | |
| 开本: | 28cm | |
| 丛书名: | ||
| 单 册: | ||
| 中图分类: | TM72 | |
| 科图分类: | ||
| 主题词: | 输电技术 , 配电系统--技术 | |
| 电子资源: | ||
| ISBN: | 978-7-5083-8845-8 | |
| 000 | 00567nam0 2200205 450 | |
| 001 | 2039412550 | |
| 005 | 20200904105920.13 | |
| 010 | @a978-7-5083-8845-8@dCNY28.00 | |
| 100 | @a20200904d2009 km y0chiy0120 ea | |
| 101 | 0 | @achi |
| 102 | @aCN | |
| 200 | 1 | @a供配电系统@Agong pei dian xi tong@f赵彩虹主编@Fzhao cai hong zhu bian |
| 210 | @a北京@c中国电力出版社@d2009.08 | |
| 215 | @a261页@d28cm | |
| 606 | 0 | @a输电技术 |
| 606 | 0 | @a配电系统@x技术 |
| 690 | @aTM72@v4 | |
| 701 | 0 | @a赵彩虹@Azhao cai hong@4主编 |
| 801 | 0 | @aCN@bMUSE@c20200904 |
| 905 | @aMUSE@dTM72@eZ292 | |
| 供配电系统/赵彩虹主编.-北京:中国电力出版社,2009.08 |
| 261页;28cm |
| ISBN 978-7-5083-8845-8:CNY28.00 |
| ● |
| 相关链接 |
|
|
|
正题名:供配电系统
索取号:TM72/Z292
 
预约/预借
| 序号 | 登录号 | 条形码 | 馆藏地/架位号 | 状态 | 备注 |
| 1 | 1303759 | 213037596 | 自科库301/301自科库 17排3列4层/ [索取号:TM72/Z292] | 在馆 |